000 00493nam a2200157 a 4500
001 000032331
005 20200930065602.0
008 110714s1914 dr ac 000 0 spa d
040 _aDO-SdBNP
_bspa
_cBNPHU
082 _axxx
_bM516m
100 1 _aMejía, Gustavo Adolfo
_958340
245 1 0 _aMi libro de cuentos :
_b(Con ilustraciones) /
_cGustavo Adolfo Mejía.
260 _aSanto Domingo :
_bImprenta La cuna de América,
_c1914.
300 _a136 p. :
_bil., retrs. ;
_c19 cm.
049 _aBNPD
999 _c31822
_d31822